| 000 | 00407cam a22001337a 4500 | ||
|---|---|---|---|
| 008 | 180718b1960 xxu||||| |||| 00| 0 eng d | ||
| 082 | _aB1241 x73 Am35/ 60 | ||
| 245 |
_aNorris Fine & Milton Himmelfarb _cby American Jewish Yearbook |
||
| 260 |
_aN.Y. _bAmerican Jewish Committee _c1960 |
||
| 300 | _av.61. x,474p. | ||
| 500 | _a$6.00 | ||
| 650 | _aJews - USA - Yearbooks | ||
| 700 | _aAmerican Jewish Yearbook | ||
| 999 |
_c357439 _d357439 |
||